000 00311nam a22001457a 4500
008 210528b ||||| |||| 00| 0 eng d
020 _a068485757X
041 _aeng
080 _a159.9
082 _a159.9
100 _a48
101 _aPSI
245 _aDisplaced Persons
_cJoseph Berger
942 _2udc
_cBK
999 _c57809
_d57809